000 00488nam a2200181Ia 4500
005 20250508160454.0
008 008 250505s9999 xx 000 0 eng d
037 _aTextual
040 _aFEDL
_beng
_cFEDL
041 _aeng
_2eng
084 _a512.86, HAL
_qFEDL
100 _aHall Marshall
245 0 _aTheory of groups
260 _aNew York, USA
_bThe Macmillan Company
_c1959
300 _axiii,431p.
942 _cTEXL
_h512.86, HAL
999 _c1364818
_d1364818